000 00809nam a2200217 a 4500
001 12587
003 CO-ViMGA
008 141112s2004 ck r 000 u spa d
040 _aCO-ViMGA
_bspa
_cCO-ViMGA
082 0 4 _a378.103 C66
100 1 _aMartin del campo, Enrique
_918162
245 1 0 _aCooperacion universidad - empresa estrategia para la modernizacion de los estados :
_bsituación en los paises del convenio Andres Bello
260 _aSantafé de Bogotá :
_bSECAB,
_c1993
300 _a175p.
490 _aCiencia y Tecnología
650 1 4 _aCONVENIO ANDRES BELLO - SECRETARIO EJECUTIVA
_918163
650 1 4 _aCOOPERACION UNIVERSITARIA - América LATINA
_918164
650 1 4 _aCOOPERACION UNIVERSITARIA - COLOMBIA
_918165
650 1 4 _aDESARROLLO CIENTIFICO - TECNOLOGICO
_918166
942 _2ddc
_cBK
999 _c23581
_d23581